000
00306nam a22001457a 4500
003
SGT
082
_a
340.52,UNI
100
_a
UNIVERSAL BOOKS
245
_a
HINDU LAW
250
_a
1ST
260
_a
NEW DELHI
_b
UNIVERSAL BOOKS
_c
2014
300
_a
130
650
_a
FAMILY LAW, HINDU LAW
942
_2
ddc
_c
BK
999
_c
9784
_d
9784